[Event "Tourn. n9836"]
[Site "www.echecsemail.com"]
[Date "2018.08.21"]
[Round "1"]
[White "Tartan"]
[Black "Sbb"]
[WhiteElo "2510"]
[BlackElo "2710"]
[Result "0-1"]
[Round "1"]
1.d4 d5
2.c4 e6
3.Nb1c3 Bf8b4
4.e3 Ng8f6
5.a3 Bb4xc3
6.bxc3 c6
7.Bf1d3 e5
8.Bd3e2 e4
9.a4 O-O
10.Bc1a3 Rf8e8
11.Qd1b3 b6
12.cxd5 cxd5
13.Be2b5 Bc8d7
14.Ng1e2 Nb8c6
15.Bb5a6 Nc6a5
16.Qb3c2 Qd8c7
17.O-O Bd7c8
18.Ba6b5 Re8d8
19.Ne2g3 h5
20.Rf1d1 h4
21.Ng3h1 Nf6g4
22.g3 Ng4h6
23.gxh4 Nh6f5
24.Nh1g3 Nf5xh4
25.Bb5e2 Bc8h3
26.Qc2a2 Qc7d7
27.Ba3b4 Na5c4
28.Be2xc4 Nh4f3
29.Kh1 dxc4
30.Qa2e2 Bh3g4
31.Qe2xc4 Ra8c8
32.Qc4b5 Qd7e6
33.Ng3f1 Qe6h6
34.Bb4e7 Qh6h3
{ resign }
0-1

[Event "Tourn. n9920"]
[Site "www.echecsemail.com"]
[Date "2018.08.21"]
[Round "1"]
[White "Hansen"]
[Black "Minorsana"]
[WhiteElo "1570"]
[BlackElo "1459"]
[Result "0-1"]
[Round "1"]
1.e4 e5
2.Qd1h5 Nb8c6
3.Bf1b5 Ng8f6
4.Qh5f5 g6
5.Qf5f3 Nc6d4
6.Qf3d3 c6
7.Bb5a4 d5
8.exd5 Bc8f5
9.Qd3b3 Nd4xb3
10.Ba4xb3 Nf6xd5
11.Ng1f3 Nd5f4
12.Nf3xe5 Qd8d4
13.Ne5f3 Qd4e4
14.Kd1 Qe4e2

0-1

[Event "Match"]
[Site "www.echecsemail.com"]
[Date "2018.08.21"]
[Round "1"]
[White "Sonny1000"]
[Black "Minorsana"]
[WhiteElo "1590"]
[BlackElo "1459"]
[Result "0-1"]
[Round "1"]
1.e4 e5
2.Ng1f3 Nb8c6
3.c3 Ng8f6
4.Qd1e2 d5
5.Qe2d3 Nf6xe4
6.Nf3xe5 Nc6xe5
7.Qd3b5 c6
8.Qb5a4 Qd8f6
9.Qa4d4 Bf8c5
10.Qd4a4 Bc8g4
11.Bf1e2 Qf6xf2
12.Kd1 Qf2xe2
13.Kc2 Qe2d3
14.Kb3 b5
15.Qa4a5 Bg4e6
16.Nb1a3 d4
{ resign }
0-1

[Event "Tourn. n9874"]
[Site "www.echecsemail.com"]
[Date "2018.08.21"]
[Round "1"]
[White "Ladyuzbetova"]
[Black "Luizassis"]
[WhiteElo "1299"]
[BlackElo "1300"]
[Result "0-1"]
[Round "1"]
1.e4 e5
2.c3 Ng8f6
3.d4 exd4
4.e5 Nf6d5
5.Ng1f3 Nb8c6
6.cxd4 Bf8b4
7.Bc1d2 O-O
8.Bd2xb4 Nc6xb4
9.Qd1b3 c6
10.a3 Nb4a6
11.Bf1xa6 bxa6
12.Qb3c2 Rf8e8
13.O-O Bc8b7
14.Nb1d2 d6
15.Nd2e4 dxe5
16.dxe5 Qd8e7
 { time }
0-1

[Event "Tourn. n9865"]
[Site "www.echecsemail.com"]
[Date "2018.08.21"]
[Round "1"]
[White "Orhany24"]
[Black "Urbe69"]
[WhiteElo "2120"]
[BlackElo "2270"]
[Result "0-1"]
[Round "1"]
1.e4 e6
2.d4 d5
3.exd5 exd5
4.Ng1f3 Bf8d6
5.Bf1d3 Nb8c6
6.a3 Bc8g4
7.O-O Ng8e7
8.c3 O-O
9.h3 Bg4f5
10.Bc1g5 Bf5xd3
11.Qd1xd3 f6
12.Bg5h4 Qd8d7
13.Nb1d2 Ne7f5
14.Rf1e1 g5
15.Bh4g3 Nf5xg3
16.fxg3 Bd6xg3
17.Re1e2 Bg3f4
18.Nd2f1 Ra8e8
19.Ra1e1 Re8xe2
20.Re1xe2 Nc6e7
21.c4 dxc4
22.Qd3xc4 Kg7
23.Re2e6 Ne7d5
24.Re6e4 c6
25.Qc4e2 f5
26.Re4e6 Rf8f7
27.g3 Nd5c7
28.gxf4 Qd7xe6
29.Nf3e5 Rf7e7
30.fxg5 Nc7b5
31.Qe2d3 Nb5xd4
{ resign }
0-1

[Event "Tourn. n9881"]
[Site "www.echecsemail.com"]
[Date "2018.08.21"]
[Round "1"]
[White "Julian"]
[Black "Falcoale"]
[WhiteElo "1820"]
[BlackElo "1910"]
[Result "1-0"]
[Round "1"]
1.e4 c5
2.Ng1f3 Nb8c6
3.d4 cxd4
4.Bf1b5 Qd8a5
5.Bc1d2 Qa5xb5
6.Qd1c1 e5
7.c3 f6
8.cxd4 Ng8e7
9.Nb1c3 Qb5b6
10.d5 Nc6b4
11.O-O Nb4d3
12.Qc1c2 Nd3f4
13.Bd2xf4 exf4
14.e5 Ne7g6
15.exf6 Qb6xf6
16.Rf1e1 Bf8e7
17.Nc3e4 Qf6b6
18.d6 Be7xd6
19.Ne4xd6 { resign }
1-0

[Event "Tourn. n9918"]
[Site "www.echecsemail.com"]
[Date "2018.08.21"]
[Round "1"]
[White "Minorsana"]
[Black "Vasylpuzanov"]
[WhiteElo "1459"]
[BlackElo "1370"]
[Result "1-0"]
[Round "1"]
1.e4 e5
2.Ng1f3 Nb8c6
3.Bf1b5 a6
4.Bb5a4 Bf8c5
5.c3 b5
6.Ba4b3 Ng8f6
7.d4  { time }
1-0

[Event "Match"]
[Site "www.echecsemail.com"]
[Date "2018.08.22"]
[Round "1"]
[White "Calponas"]
[Black "Chapi"]
[WhiteElo "2100"]
[BlackElo "2070"]
[Result "0-1"]
[Round "1"]
1.e4 c5
2.Ng1f3 Nb8c6
3.Bf1b5 d6
4.O-O Bc8d7
5.Rf1e1 a6
6.Bb5f1 g6
7.c3 Bf8g7
8.d3 Ng8f6
9.Bc1g5 O-O
10.Nb1a3 b5
11.Ra1b1 Nf6g4
12.h3 Ng4e5
13.Nf3xe5 Nc6xe5
14.f4 Ne5c6
15.Na3c2 a5
16.g4 f6
17.Bg5h4 Bg7h6
18.g5 fxg5
19.Bh4xg5 Bh6xg5
20.fxg5 Nc6e5
21.Bf1g2 Rf8f4
22.Nc2e3 Rf4h4
23.d4 Ne5f7
24.e5 Bd7xh3
25.Bg2xh3 Rh4xh3
26.e6 Nf7xg5
27.Qd1g4 Rh3h5
28.d5 Qd8f8
29.Re1f1 Qf8h6
30.Ne3g2 Ng5h3
{ resign }
0-1

[Event "Match"]
[Site "www.echecsemail.com"]
[Date "2018.08.22"]
[Round "1"]
[White "J1j6"]
[Black "Reda"]
[WhiteElo "1940"]
[BlackElo "1780"]
[Result "1-0"]
[Round "1"]
1.c4 d5
2.e3 dxc4
3.Bf1xc4 Ng8f6
4.Qd1b3 e6
5.d4 Bf8d6
6.Nb1c3 O-O
7.Ng1f3 Nb8c6
8.Bc1d2 Rf8e8
9.a3 Nc6a5
10.Qb3a2 Na5xc4
11.Qa2xc4 e5
12.dxe5 Bd6xe5
13.Nf3g5 Re8e7
14.O-O-O h6
15.Ng5f3 Qd8d6
16.Nf3xe5 Qd6xe5
17.f4 Qe5e6
18.Qc4xe6 Re7xe6
19.Nc3b5 Re6c6
20.Kb1 Bc8f5
21.Ka1 a6
22.Nb5d4 Rc6c5
23.Bd2b4 Rc5d5
24.Bb4c3  { time }
1-0

[Event "Match"]
[Site "www.echecsemail.com"]
[Date "2018.08.22"]
[Round "1"]
[White "Caspito"]
[Black "J1j6"]
[WhiteElo "1930"]
[BlackElo "1910"]
[Result "0-1"]
[Round "1"]
1.e4 e6
2.d4 d5
3.e5 b6
4.Qd1f3 c5
5.Bf1b5 Bc8d7
6.Bb5xd7 Nb8xd7
7.Bc1e3 c4
8.c3 f6
9.exf6 Ng8xf6
10.Ng1e2 Bf8d6
11.O-O Qd8c7
12.Nb1d2 Bd6xh2
13.Kh1 Bh2d6
14.Ne2f4 Nd7f8
15.b3 cxb3
16.c4 Nf8g6
17.axb3 Ng6xf4
18.cxd5 Nf4xd5
19.Ra1c1 Qc7e7
20.Nd2e4 Nf6xe4
21.Qf3h5 g6
22.Qh5e2 Qe7h4
{ resign }
0-1

[Event "Match"]
[Site "www.echecsemail.com"]
[Date "2018.08.22"]
[Round "1"]
[White "Eeze"]
[Black "Apdash"]
[WhiteElo "1920"]
[BlackElo "1840"]
[Result "0-1"]
[Round "1"]
1.e4 c5
2.c3 d6
3.Qd1a4 Bc8d7
4.Bf1b5 Nb8c6
5.d4 cxd4
6.cxd4 a6
7.Bb5xc6 Bd7xc6
8.Qa4c2 e6
9.Ng1f3 Ra8c8
10.Nb1c3 Ng8f6
11.Bc1g5 Bf8e7
12.Bg5xf6 Be7xf6
13.Qc2d3 Qd8b6
14.b3 Qb6b4
15.Ra1c1 Bc6b5
16.Qd3d2 O-O
17.Kd1 Rc8c7
18.Nc3xb5 Rc7xc1
19.Kxc1 Rf8c8
20.Kb1 Qb4xb5
21.e5 dxe5
22.dxe5 Bf6xe5
23.Nf3xe5 Qb5xe5
24.Rh1d1 h6
25.Qd2d7 Qe5e4
26.Qd7d3 Qe4xg2
27.Qd3g3 Qg2e4
28.Qg3d3 Qe4e5
29.Qd3d7 Qe5f5
30.Rd1d3 Rc8c3
{ resign }
0-1

[Event "Match"]
[Site "www.echecsemail.com"]
[Date "2018.08.22"]
[Round "1"]
[White "Luzhin"]
[Black "Alekpax"]
[WhiteElo "2500"]
[BlackElo "2390"]
[Result "1/2-1/2"]
[Round "1"]
1.e4 e5
2.Ng1f3 Nb8c6
3.Bf1c4 Bf8e7
4.O-O Ng8f6
5.d3 O-O
6.Rf1e1 d6
7.a4 a6
8.c3 Nc6a5
9.Bc4a2 c5
10.Nb1a3 Na5c6
11.h3 Bc8e6
12.Ba2xe6 fxe6
13.Na3c2 Qd8e8
14.b4 cxb4
15.cxb4 Qe8g6
16.b5 axb5
17.axb5 Ra8xa1
18.Nc2xa1 Nc6d4
19.Nf3xd4 exd4
20.Na1b3 e5
21.Nb3a5 Qg6f7
22.f4 exf4
23.Na5xb7 Nf6h5
24.Qd1f3 d5
25.exd5 Be7b4
26.Re1e6 Qf7c7
27.Re6c6 Qc7e7
28.d6 { draw }
1/2-1/2

[Event "Match"]
[Site "www.echecsemail.com"]
[Date "2018.08.22"]
[Round "1"]
[White "Alessiov"]
[Black "Joseph1983"]
[WhiteElo "2260"]
[BlackElo "2290"]
[Result "1-0"]
[Round "1"]
1.e4 d6
2.d4 Ng8f6
3.Nb1c3 g6
4.Ng1f3 Bf8g7
5.Bc1e3 O-O
6.Qd1d2 Nb8d7
7.O-O-O e5
8.dxe5 dxe5
9.Nf3xe5 Nf6xe4
10.Nc3xe4 Bg7xe5
11.Be3h6  { time }
1-0

[Event "Tourn. n9916"]
[Site "www.echecsemail.com"]
[Date "2018.08.22"]
[Round "1"]
[White "Iko"]
[Black "Cal"]
[WhiteElo "1670"]
[BlackElo "1720"]
[Result "1-0"]
[Round "1"]
1.e4 e5
2.Ng1f3 d6
3.Bf1d3 h6
4.O-O Bc8g4
5.h3 Bg4h5
6.g4 a6
7.gxh5 Ng8f6
8.Nf3h4 b5
9.Nh4f5 Nb8c6
10.Qd1f3 Bf8e7
11.Nf5xg7 Kd7
12.Qf3f5 { resign }
1-0

[Event "Match"]
[Site "www.echecsemail.com"]
[Date "2018.08.22"]
[Round "1"]
[White "Chapi"]
[Black "J1j6"]
[WhiteElo "2120"]
[BlackElo "1840"]
[Result "1-0"]
[Round "1"]
1.d4 Ng8f6
2.c4 d5
3.Nb1c3 b6
4.b4 dxc4
5.e4 Bc8a6
6.b5 Ba6b7
7.f3 e6
8.Bf1xc4 Bf8b4
9.Ng1e2 c6
10.O-O c5
11.Bc1e3 cxd4
12.Be3xd4 Bb4xc3
13.Bd4xc3 Qd8xd1
14.Ra1xd1 Nb8d7
15.Bc3b4 a6
16.a4 axb5
17.Bc4xb5 Bb7c8
18.Rd1d2 Ra8a7
19.Rf1c1 Ra7a8
20.Rc1c6 Ra8b8
21.Ne2f4 g5
22.Nf4d3 Bc8b7
23.Rc6xb6 Kd8
24.Rb6d6 Bb7c8
25.Nd3e5 Ke8
26.Ne5xd7 Nf6xd7
27.Bb4c3 Rh8g8
28.Bb5xd7 Bc8xd7
29.Rd6xd7 Rb8c8
30.Bc3f6 { resign }
1-0

[Event "1/32 Finale"]
[Site "www.chess-mail.com"]
[Date "2018.08.22"]
[Round "1"]
[White "Awfen"]
[Black "George1955"]
[WhiteElo "2090"]
[BlackElo "2700"]
[Result "0-1"]
[Round "1"]
1.e4 c6
2.f4 d5
3.e5 Bc8f5
4.Ng1f3 e6
5.Bf1e2 Nb8d7
6.d4 Bf8e7
7.O-O Ng8h6
8.Nb1c3 Bf5g6
9.Nf3g5 c5
10.Nc3b5 a6
11.Nb5d6 Be7xd6
12.exd6 cxd4
13.Qd1xd4 Nd7f6
14.Qd4e5 O-O
15.c3 Nh6f5
16.b3 Qd8b6
17.Kh1 Nf6d7
18.Bc1e3 Nf5xe3
19.Rf1c1 Nd7xe5
20.fxe5 Ne3c2
21.Ra1b1 Qb6e3
22.Be2f3 Qe3xg5
23.Rc1xc2 Bg6xc2
{ resign }
0-1

[Event "1/128 Finale"]
[Site "www.chess-mail.com"]
[Date "2018.08.22"]
[Round "1"]
[White "Mitja"]
[Black "Reda"]
[WhiteElo "2020"]
[BlackElo "1760"]
[Result "1-0"]
[Round "1"]
1.d4 d5
2.e3 Bc8f5
3.c3 Nb8c6
4.h3 e6
5.Ng1e2 Bf8d6
6.b3 Ng8f6
7.Bc1a3 Bd6xa3
8.Nb1xa3 O-O
9.Ne2g3 Bf5g6
10.Bf1d3 Bg6xd3
11.Qd1xd3 e5
12.dxe5 Nc6xe5
13.Qd3d4 c6
14.Qd4xe5 Rf8e8
15.Qe5d4 c5
16.Qd4xc5 b6
17.Qc5d4 Nf6e4
18.Ng3xe4 Re8xe4
19.Qd4d3 Qd8g5
20.O-O  { time }
1-0

[Event "1/64 Finale"]
[Site "www.chess-mail.com"]
[Date "2018.08.22"]
[Round "1"]
[White "J1j6"]
[Black "Szustan"]
[WhiteElo "1910"]
[BlackElo "2550"]
[Result "0-1"]
[Round "1"]
1.e4 e5
2.Ng1f3 Nb8c6
3.Bf1b5 a6
4.Bb5a4 Ng8f6
5.Nb1c3 b5
6.Nc3xb5 axb5
7.Ba4xb5 Nc6d4
8.Bb5d3 Bf8c5
9.Nf3xe5 Qd8e7
10.Ne5f3 O-O
11.Nf3xd4 Bc8a6
12.Bd3xa6 Ra8xa6
13.c3 Bc5xd4
14.cxd4 Qe7xe4
15.Kf1 Qe4xd4
16.Qd1e2 Ra6e6
{ resign }
0-1

[Event "Fast Game"]
[Site "www.echecsemail.com"]
[Date "2018.08.22"]
[Round "1"]
[White "Alekpax"]
[Black "Coolant"]
[WhiteElo "2269"]
[BlackElo "1940"]
[Result "1-0"]
[Round "1"]
1.e4 Nb8c6
2.d4 d5
3.e5 f6
4.f4 Bc8f5
5.c3 Qd8d7
6.Ng1f3 e6
7.Bf1e2 Bf5e4
8.Nb1d2 f5
9.O-O Ng8h6
10.a4 Bf8e7
11.b4 O-O
12.Nd2b3 Nh6f7
13.Bc1e3 Kh8
14.Nf3d2 Rf8g8
15.Nd2xe4 fxe4
16.b5 Nc6d8
17.c4 c6
18.Nb3c5 Be7xc5
19.dxc5 g5
{ time. }
1-0

[Event "Fast Game"]
[Site "www.echecsemail.com"]
[Date "2018.08.22"]
[Round "1"]
[White "Europerl"]
[Black "Apdash"]
[WhiteElo "1599"]
[BlackElo "1930"]
[Result "0-1"]
[Round "1"]
1.e4 c5
2.Ng1f3 d6
3.d4 cxd4
4.Nf3xd4 Ng8f6
5.Nb1c3 a6
6.Bc1e3 b5
7.Nc3d5 Nf6xd5
8.exd5 Bc8b7
9.c4 { time. }
0-1

[Event "Fast Game"]
[Site "www.echecsemail.com"]
[Date "2018.08.22"]
[Round "1"]
[White "Rav"]
[Black "J1j6"]
[WhiteElo "1599"]
[BlackElo "1419"]
[Result "1-0"]
[Round "1"]
1.e4 b6
2.d4 Bc8b7
3.Bf1c4 Bb7xe4
4.Ng1f3 e6
5.Nb1c3 Be4g6
6.d5 exd5
7.Bc4xd5 c6
8.Bd5b3 Bf8c5
9.O-O Ng8e7
10.Bc1g5 f6
11.Bg5f4 d6
12.Nc3a4 Bc5b4
13.a3 Bb4a5
14.Bf4xd6 Ne7d5
15.Bb3xd5 Qd8xd6
16.Bd5f7 Bg6xf7
17.Qd1xd6 { resign }
1-0

[Event "Tourn. n9890"]
[Site "www.echecsemail.com"]
[Date "2018.08.23"]
[Round "1"]
[White "Apdash"]
[Black "Ditto"]
[WhiteElo "1870"]
[BlackElo "1860"]
[Result "1-0"]
[Round "1"]
1.d4 d5
2.c4 c6
3.cxd5 cxd5
4.Nb1c3 Ng8f6
5.Bc1g5 e6
6.e4 dxe4
7.Bg5xf6 Qd8xf6
8.Nc3xe4 Qf6d8
9.Ng1f3 Bf8b4
10.Ne4c3 Nb8c6
11.a3 Bb4a5
12.b4 Ba5b6
13.Bf1b5 Bc8d7
14.Nc3e4 O-O
15.Ne4c5 Bb6xc5
16.dxc5 Qd8e7
17.O-O Ra8d8
18.Qd1a4 a6
19.Bb5xc6 Bd7xc6
20.Qa4b3 Qe7f6
21.Ra1d1 Qf6g6
22.Kh1 Rd8xd1
23.Rf1xd1 Bc6d5
24.Qb3e3 Qg6c2
25.Rd1c1 Qc2f5
26.Nf3d4 Qf5g4
27.f3 Qg4h4
28.c6 bxc6
29.Nd4xc6 Rf8c8
30.Nc6e7 Kf8
31.Ne7xc8 g6
32.Nc8b6 Qh4e7
33.Nb6xd5 Qe7d7
34.Qe3c5 Kg7
35.Qc5d4 Kf8
36.Qd4h8 { resign }
1-0

[Event "Tourn. n9858"]
[Site "www.echecsemail.com"]
[Date "2018.08.23"]
[Round "1"]
[White "Tartan"]
[Black "Jazzy"]
[WhiteElo "2510"]
[BlackElo "2270"]
[Result "1-0"]
[Round "1"]
1.d4 d5
2.c4 e6
3.Nb1c3 Ng8f6
4.cxd5 exd5
5.Bc1g5 Bf8e7
6.Ng1f3 c6
7.e3 O-O
8.Qd1c2 Bc8g4
9.Bf1d3 h6
10.Bg5f4 Nb8a6
11.Bd3xa6 bxa6
12.Nf3e5 Bg4d7
13.O-O Ra8c8
14.Nc3a4 Be7d6
15.Ne5xf7 Rf8xf7
16.Bf4xd6 Nf6e4
17.Bd6f4 Qd8a5
18.f3 Ne4d2
19.Rf1f2 Nd2c4
20.b3 Nc4b6
21.Na4c5 Nb6a8
22.Nc5xd7 Rf7xd7
23.Qc2g6 Kh8
24.Bf4e5 Qa5d8
25.Qg6xh6 Kg8
26.Qh6e6 Rd7f7
27.Ra1c1 Qd8d7
28.Qe6xd7 Rf7xd7
29.Rf2c2 { resign }
1-0

[Event "Match"]
[Site "www.echecsemail.com"]
[Date "2018.08.23"]
[Round "1"]
[White "Ranjachess"]
[Black "Rindrandria"]
[WhiteElo "1800"]
[BlackElo "1780"]
[Result "1-0"]
[Round "1"]
1.d4 Ng8f6
2.Nb1c3 c6
3.e4 d6
4.Bc1g5 Qd8a5
5.Bg5xf6 gxf6
6.Qd1d2 h5
7.f4 Bf8h6
8.O-O-O e5
9.g3 exf4
10.gxf4 Nb8a6
11.a3 b5
12.Qd2e3 b4
13.Bf1xa6 bxc3
14.Ba6c4 Ra8b8
15.Bc4b3 cxb2
16.Kxb2 Bc8a6
17.Rd1c1 Ba6c4
18.Ng1e2 Bc4xe2
19.Qe3xe2 Bh6xf4
20.Rc1f1 Bf4h6
21.Rf1xf6 Bh6g7
22.Rf6xd6 Bg7f8
23.e5 Bf8e7
24.Rh1g1 Kf8
25.Rg1a1 Be7xd6
26.exd6 Qa5d8
27.Qe2e5 Rh8h6
28.d7 Rb8b5
29.Qe5g3 Qd8xd7
30.Ra1g1 Qd7xd4
31.Ka2 Qd4f6
32.Qg3g8 Ke7
33.Rg1e1 Kd6
34.Qg8a8 Rb5xb3
35.Kxb3 Qf6f3
36.c3 Qf3d5
37.c4 Qd5d3
38.Ka4 Qd3c2
39.Ka5 Qc2c3
40.Ka6 Qc3xa3
41.Kb7 Qa3b4
42.Kxa7 Qb4xe1
43.Qa8f8 Kc7
44.Qf8xf7 Kd8
45.Qf7f8 Qe1e8
46.Qf8xh6 Qe8f7
47.Kb6 Qf7xc4
48.Qh6xc6 Qc4d4
49.Qc6c5 Qd4b2
50.Kc6 Qb2xh2
51.Qc5f8 
1-0

[Event "Match"]
[Site "www.echecsemail.com"]
[Date "2018.08.23"]
[Round "1"]
[White "J1j6"]
[Black "Llord"]
[WhiteElo "1890"]
[BlackElo "1940"]
[Result "0-1"]
[Round "1"]
1.Ng1f3 Nb8c6
2.e4 e5
3.Bf1c4 Bf8e7
4.d4 exd4
5.Nf3xd4 Nc6xd4
6.Qd1xd4 Be7f6
7.Qd4d5 Qd8e7
8.f3 c6
9.Qd5d3 b5
10.Bc4b3 Bc8a6
11.c4 Ng8h6
12.O-O O-O
13.Nb1c3 bxc4
14.Bb3xc4 Qe7c5
15.Bc1e3 Ba6xc4
16.Be3xc5 Bc4xd3
17.Bc5xf8 Bd3xf1
18.Bf8xg7 Bf6xg7
19.Ra1xf1 Bg7xc3
20.bxc3 f5
21.e5 Kf7
22.Rf1d1 Ke6
23.Rd1d6 Kxe5
24.Rd6xh6 Ra8b8
25.Rh6xh7 Ke6
26.h4 a5
27.h5 c5
28.g4 fxg4
29.fxg4 Ke5
30.Rh7xd7 Kf4
31.Rd7g7 Kg3
32.g5 Rb8b1

0-1

[Event "Tourn. n9897"]
[Site "www.echecsemail.com"]
[Date "2018.08.23"]
[Round "1"]
[White "Johnmcbride"]
[Black "Bojan"]
[WhiteElo "2040"]
[BlackElo "2030"]
[Result "1-0"]
[Round "1"]
1.e4 e5
2.Nb1c3 d6
3.d4 exd4
4.Qd1xd4 Nb8c6
5.Bf1b5 Bc8d7
6.Bb5xc6 Bd7xc6
7.h4 h5
8.Ng1e2 Qd8f6
9.Qd4d3 Qf6g6
10.Bc1g5 f6
11.Nc3b5 fxg5
12.Nb5xc7 Kd7
13.Nc7xa8 Bc6xe4
14.Qd3b5 Be4c6
15.Qb5xg5 Qg6xc2
16.b4 Ng8f6
17.b5 Bc6d5
18.Qg5e3 Bf8e7
19.Qe3xa7 Bd5c4
20.Qa7xb7 Ke6
21.Ne2d4 { resign }
1-0

[Event "Tourn. n9835"]
[Site "www.echecsemail.com"]
[Date "2018.08.23"]
[Round "1"]
[White "Iko"]
[Black "Reda"]
[WhiteElo "1710"]
[BlackElo "1730"]
[Result "1-0"]
[Round "1"]
1.e4 e5
2.Ng1f3 Nb8c6
3.Bf1b5 a6
4.Bb5xc6 dxc6
5.Nf3xe5 Qd8d4
6.Ne5f3 Qd4xe4
7.Qd1e2 Qe4xe2
8.Kxe2 Bf8d6
9.Rh1e1 Ng8e7
10.Kf1 O-O
11.Re1e4 b5
12.Nb1c3 Bc8g4
13.Re4xg4 Ne7g6
14.h4 h5
15.Rg4e4 Rf8e8
16.Re4xe8 Ra8xe8
17.d4 a5
18.d5 b4
19.Nc3a4 cxd5
20.Nf3d4 Re8e4
21.Nd4b5 Bd6e5
22.g3 b3
23.axb3 c6
24.Na4c5 Re4b4
25.Ra1xa5 Rb4xb5
26.Ra5a8 Kh7
27.Nc5d7 Be5d6
28.Ra8d8 Ng6e5
29.Nd7f8 Bd6xf8
30.Rd8xf8 f6
31.Bc1f4 Ne5d7
32.Rf8f7 Nd7c5
33.Bf4d6 Nc5e4
34.c4 Rb5xb3
35.Bd6f8 Kg6
36.Rf7xg7 Kf5
37.cxd5 cxd5
38.Rg7d7 Ke6
39.Rd7e7 Kf5
40.Bf8g7 Rb3xb2
41.Re7d7 Rb2xf2
42.Kg1 Ke6
43.Rd7a7 Rf2f3
44.Ra7a6 Ke5
45.g4 hxg4
46.h5 Ne4g5
47.h6 Rf3g3
48.Kf2 Rg3f3
49.Kg2  { time }
1-0

[Event "Match"]
[Site "www.echecsemail.com"]
[Date "2018.08.23"]
[Round "1"]
[White "Emmanuel69"]
[Black "Apdash"]
[WhiteElo "1940"]
[BlackElo "1840"]
[Result "1/2-1/2"]
[Round "1"]
1.c4 e5
2.Nb1c3 Ng8f6
3.a3 d5
4.cxd5 Nf6xd5
5.d3 Bc8e6
6.Ng1f3 Nb8c6
7.g3 a6
8.Bf1g2 Bf8c5
9.O-O O-O
10.Nc3xd5 Be6xd5
11.b4 Bc5a7
12.Bc1b2 Qd8d6
13.Ra1c1 f6
14.Nf3d2 Bd5xg2
15.Kxg2 Qd6d5
16.Kg1 Ra8d8
17.Qd1c2 Kh8
18.Qc2c4 Ba7d4
19.Bb2xd4 Nc6xd4
20.Rf1e1 Qd5xc4
21.Rc1xc4 c6
22.Kg2 f5
23.f3 Rd8a8
24.a4 Ra8e8
25.h4 b5
26.axb5 cxb5
27.Rc4c3 Re8c8
28.Nd2b1 Rc8xc3
29.Nb1xc3 Rf8c8
30.Nc3d5 Rc8c2
31.Kf2 g6
32.Ke3 Rc2b2
33.Kf2 Nd4c2
34.Re1a1 Nc2xb4
35.Nd5xb4 Rb2xb4
36.Ra1xa6 e4
37.fxe4 fxe4
38.dxe4 Rb4xe4
39.Ra6b6 b4
40.Kf3 Re4c4
41.e4 Kg7
42.Kf4 h5
43.Rb6b7 Kf6
44.Rb7b6 Kg7
45.Rb6b7 Kf6
46.Rb7b6 Kg7
{ draw }
1/2-1/2

[Event "Match"]
[Site "www.echecsemail.com"]
[Date "2018.08.23"]
[Round "1"]
[White "Apdash"]
[Black "Paco"]
[WhiteElo "1840"]
[BlackElo "1950"]
[Result "0-1"]
[Round "1"]
1.d4 d5
2.Ng1f3 Nb8c6
3.c4 dxc4
4.Nb1c3 Bc8f5
5.e4 Bf5g4
6.Bf1xc4 e6
7.O-O e5
8.d5 Nc6d4
9.Qd1a4 Bg4d7
10.Qa4d1 Qd8f6
11.Nf3xd4 exd4
12.e5 Qf6b6
13.e6 fxe6
14.dxe6 Bd7c6
15.Nc3e2 O-O-O
16.Bc1f4 Qb6xb2
17.Ra1b1 Qb2a3
18.Bc4b3 Bc6b5
19.Rf1e1 Bf8c5
20.Bf4e5 Ng8e7
21.Ne2g3 d3
22.Be5xg7 Rh8g8
23.Bg7f6 a5
24.Re1e4 Bc5xf2
25.Kxf2 Qa3c5
26.Re4e3 Ne7d5
27.Bb3xd5 Rd8xd5
28.Qd1d2 Rg8f8
29.Ke1 Rf8xf6
30.e7 Rd5e5
31.e8Q Re5xe8
32.Ng3e4 Re8xe4
{ resign }
0-1

[Event "Match"]
[Site "www.echecsemail.com"]
[Date "2018.08.23"]
[Round "1"]
[White "J1j6"]
[Black "Orhany24"]
[WhiteElo "1940"]
[BlackElo "2090"]
[Result "1/2-1/2"]
[Round "1"]
1.c4 d5
2.d4 Bc8f5
3.c5 e5
4.dxe5 Bf8xc5
5.Ng1f3 Ng8e7
6.Bc1f4 O-O
7.Nb1c3 d4
8.Nc3b5 Bc5b4
9.Bf4d2 Bb4xd2
10.Qd1xd2 c5
11.e3 Nb8c6
12.exd4 cxd4
13.Nf3xd4 Nc6xe5
14.f4 Ne5c6
15.O-O-O Bf5g4
16.Bf1e2 Nc6xd4
17.Nb5xd4 Ra8c8
18.Kb1 Bg4f5
19.Nd4xf5 Ne7xf5
20.Qd2xd8 { draw }
1/2-1/2

[Event "Tourn. n9914"]
[Site "www.echecsemail.com"]
[Date "2018.08.23"]
[Round "1"]
[White "Apdash"]
[Black "Hundegana"]
[WhiteElo "2090"]
[BlackElo "2060"]
[Result "0-1"]
[Round "1"]
1.d4 d5
2.Ng1f3 Ng8f6
3.c4 dxc4
4.Nb1c3 c6
5.a4 e6
6.e4 Bf8b4
7.Bc1g5 h6
8.Bg5xf6 Qd8xf6
9.Bf1xc4 Nb8d7
10.O-O O-O
11.Qd1b3 a5
12.d5 cxd5
13.exd5 Nd7c5
14.Qb3c2 Bb4xc3
15.bxc3 exd5
16.Bc4xd5 Bc8f5
17.Qc2b2 Ra8b8
18.Nf3d4 Bf5g6
19.Rf1d1 Rf8e8
20.Nd4b3 Nc5xb3
21.Qb2xb3 b6
22.Rd1d3 Bg6xd3
23.Ra1d1 Bd3g6
24.c4 Re8e2
25.Qb3g3 Rb8e8
26.Kf1 Re2c2
27.f4 Bg6e4
28.Rd1e1 Be4xg2
29.Bd5xg2 Re8xe1
30.Kxe1 Qf6a1
{ resign }
0-1

[Event "Tourn. n9887"]
[Site "www.echecsemail.com"]
[Date "2018.08.23"]
[Round "1"]
[White "Apdash"]
[Black "Fabos12"]
[WhiteElo "1840"]
[BlackElo "1970"]
[Result "0-1"]
[Round "1"]
1.d4 e6
2.Ng1f3 Nb8c6
3.e4 d5
4.exd5 exd5
5.c4 Ng8f6
6.Nb1c3 Bf8b4
7.a3 Bb4xc3
8.bxc3 O-O
9.cxd5 Nf6xd5
10.Qd1c2 Qd8e7
11.Bf1e2 Rf8e8
12.c4 Nd5c3
13.Bc1e3 Nc3xe2
14.Qc2xe2 Bc8g4
15.Ra1d1 f5
16.h3 Bg4h5
17.Qe2b2 f4
18.g4 Bh5f7
19.d5 Nc6a5
20.O-O fxe3
21.fxe3 Na5xc4
22.Qb2xb7 Nc4xe3
23.Rf1e1 Qe7c5
24.Rd1c1 Qc5d6
25.Kf2 Ra8b8
26.Qb7xb8 Re8xb8
27.Re1xe3 Rb8b2
28.Re3e2 Rb2xe2
29.Kxe2 Qd6f4
30.Rc1d1 Bf7xd5
{ resign }
0-1

[Event "Tourn. n9919"]
[Site "www.echecsemail.com"]
[Date "2018.08.23"]
[Round "1"]
[White "Ditto"]
[Black "Hundegana"]
[WhiteElo "1850"]
[BlackElo "2060"]
[Result "0-1"]
[Round "1"]
1.d4 d5
2.Ng1f3 Bc8f5
3.Bc1f4 Nb8c6
4.e3 a6
5.Bf1d3 Bf5e4
6.Bd3xe4 dxe4
7.Nf3g5 Qd8d5
8.Nb1c3 Qd5f5
9.Ng5h3 { time. }
0-1

[Event "Match"]
[Site "www.echecsemail.com"]
[Date "2018.08.23"]
[Round "1"]
[White "Alcon"]
[Black "Bjonil60"]
[WhiteElo "1199"]
[BlackElo "1480"]
[Result "1-0"]
[Round "1"]
1.d4 d5
2.Bc1f4 e6
3.Ng1f3 h6
4.e3 f6
5.c4 c6
6.Nb1c3 e5
7.dxe5 fxe5
8.Nf3xe5 Ng8e7
9.Qd1h5 g6
10.Ne5xg6 Ne7xg6
11.Qh5xg6 Ke7
12.O-O-O Nb8d7
13.cxd5 cxd5
14.Nc3xd5 
1-0

[Event "Tourn. n9862"]
[Site "www.echecsemail.com"]
[Date "2018.08.23"]
[Round "1"]
[White "Rons"]
[Black "Piriot"]
[WhiteElo "2640"]
[BlackElo "2380"]
[Result "1-0"]
[Round "1"]
1.e4 e5
2.Ng1f3 Ng8f6
3.Nf3xe5 d6
4.Ne5f3 Nf6xe4
5.d4 d5
6.Bf1d3 Nb8c6
7.O-O Bf8e7
8.Nb1d2 Bc8f5
9.Rf1e1 Ne4xd2
10.Qd1xd2 Bf5xd3
11.Qd2xd3 O-O
12.Bc1f4 Be7d6
13.Bf4g3 Bd6xg3
14.hxg3 Qd8d7
15.Re1e3 Rf8e8
16.Ra1e1 Re8xe3
17.Re1xe3 a6
18.Qd3b3 Nc6a5
19.Qb3b4 Na5c6
20.Qb4xb7 Ra8b8
21.Qb7xa6 Rb8xb2
22.Nf3e5 Qd7f5
23.f4 Rb2b1
24.Kf2 Nc6b8
25.Qa6a4 g5
26.Qa4e8 Kg7
27.Ne5xf7 gxf4
28.Qe8h8 { resign }
1-0

[Event "Tourn. n9874"]
[Site "www.echecsemail.com"]
[Date "2018.08.23"]
[Round "1"]
[White "Redapond1"]
[Black "Minorsana"]
[WhiteElo "1380"]
[BlackElo "1459"]
[Result "0-1"]
[Round "1"]
1.d4 d5
2.Bc1f4 Ng8f6
3.Nb1c3 e6
4.Ng1f3 Bf8b4
5.Qd1d3 c5
6.O-O-O c4
7.Qd3d2 Qd8a5
8.a3 Nf6e4
9.Qd2e3 Ne4xc3
 { time }
0-1

[Event "1/64 Finale"]
[Site "www.chess-mail.com"]
[Date "2018.08.23"]
[Round "1"]
[White "Piriot"]
[Black "Reda"]
[WhiteElo "2380"]
[BlackElo "1760"]
[Result "1-0"]
[Round "1"]
1.Ng1f3 d5
2.c4 d4
3.e3 dxe3
4.fxe3 Ng8f6
5.d4 Bc8g4
6.Qd1b3 Bg4xf3
7.gxf3 Qd8c8
8.Nb1c3 Nb8d7
9.e4 e6
10.Bc1e3 Bf8e7
11.Bf1d3 O-O
12.O-O-O  { time }
1-0

[Event "Match"]
[Site "www.echecsemail.com"]
[Date "2018.08.24"]
[Round "1"]
[White "Bjonil60"]
[Black "Apdash"]
[WhiteElo "1500"]
[BlackElo "2150"]
[Result "0-1"]
[Round "1"]
1.d4 d5
2.Ng1f3 e6
3.e3 c5
4.dxc5 Bf8xc5
5.Nb1c3 Ng8f6
6.h3 O-O
7.Nf3e5 Nb8c6
8.Qd1e2 Nc6xe5
9.f4 Ne5c6
10.a3 Nf6e4
11.Nc3xe4 dxe4
12.g3 e5
13.fxe5 Nc6xe5
14.Bf1g2 f5
15.b3 Qd8g5
16.Qe2f2 Rf8f6
17.h4 Qg5h6
18.b4 Ne5g4
19.Qf2d2 Bc5xe3
20.Qd2d1 Bc8e6
21.Bc1b2 Be3f2
22.Ke2 Be6c4
23.Qd1d3 exd3
24.cxd3 Qh6e3
25.Kd1 Bc4b3

0-1

[Event "Match"]
[Site "www.echecsemail.com"]
[Date "2018.08.24"]
[Round "1"]
[White "Dussek"]
[Black "Deneb"]
[WhiteElo "1830"]
[BlackElo "1600"]
[Result "0-1"]
[Round "1"]
1.e4 e5
2.f4 exf4
3.Ng1f3 d6
4.d4 g5
5.Nb1c3 g4
6.Bc1xf4 gxf3
7.Qd1xf3 Nb8c6
8.O-O-O h5
9.Bf1c4 Bc8g4
10.Qf3f2 Bg4xd1
11.Rh1xd1 Qd8e7
12.Nc3d5 Qe7d7
13.Qf2h4 Nc6e7
14.Nd5f6 Ng8xf6
15.Qh4xf6 Rh8h7
16.Rd1d3 Qd7c6
17.Bc4d5 Ne7xd5
18.exd5 Qc6xd5
19.Rd3e3 Kd7
20.g3 Ra8e8
{ resign }
0-1